00341nam a2200145Ia 4500003000400000008004100004040001600045082001600061245002000077260003200097300001000129650002300139650001500162650001800177GCL140319s9999 xx 000 0 eng d aGCL / cGCL04a822.83bN F10aFORTUNE OF FEAR a[S.N] : bNEW-ERA ، c1990 a390 P04aENGLISH LITERATURE04aLITERATURE04aSHORT STORIES